| 000 | 00913nam a2200301Ma 4500 | ||
|---|---|---|---|
| 001 | 89181 | ||
| 005 | 20230411090047.0 | ||
| 008 | 050307s1998 nyua e 001 0 eng d | ||
| 010 | _a 98050270 | ||
| 035 | _a(OCoLC)ocn415539573 | ||
| 040 |
_aG8V _cG8V |
||
| 020 | _a0375706070 | ||
| 020 | _a9780375706073 | ||
| 035 | _a(OCoLC)415539573 | ||
| 049 | _aGRAL | ||
| 100 | 1 |
_aDavis, Mike, _d1946- |
|
| 245 | 1 | 0 |
_aEcology of fear : _bLos Angeles and the imagination of disaster / _cMike Davis. |
| 260 |
_aNew York : _bVintage Books, _cc1998. |
||
| 300 |
_a484 p. : _bill. ; _c20 cm. |
||
| 500 | _aIncludes index. | ||
| 650 | 0 |
_aSocial problems _zCalifornia _zLos Angeles. |
|
| 650 | 0 |
_aDisasters _zCalifornia _zLos Angeles. |
|
| 651 | 0 |
_aLos Angeles (Calif.) _xSocial conditions. |
|
| 651 | 0 |
_aLos Angeles (Calif.) _xEnvironmental conditions. |
|
| 942 |
_2lcc _cbk |
||
| 946 | _aAFJ | ||
| 994 |
_aC0 _bDRFGD |
||
| 999 |
_c111782 _d111782 |
||